A treatise on limnology

Zapisane w:
Opis bibliograficzny
1. autor: Hutchinson, G. Evelyn (Autor)
Format: Książka
Język:angielski
Wydane: Nueva York John Wiley 1957
Hasła przedmiotowe:
Etykiety: Dodaj etykietę
Nie ma etykietki, Dołącz pierwszą etykiete!

MARC

LEADER 00000nam a2200000 a 4500
001 UCY3857
003 CL-VaPUC
008 950119e19570000US |||||||||||||||||eng|d
082 0 4 |a 551.48  |b HUT  |2 21 
100 |a Hutchinson, G. Evelyn  |e author  |9 411577 
245 1 2 |a A treatise on limnology 
300 |a v 
942 |c BK 
945 |d 19950119 00:00:00  |a mfernand 
260 |a Nueva York  |b John Wiley  |c 1957 
500 |a v.1: Geography, physics, and chemistry 
500 |a v.2: Introduction to lake biology and the limnoplankton 
500 |a v.3: Limnological botany 
650 7 |a LIMNOLOGIA  |2 CL-VaPUC  |9 261208 
583 |a last modification  |c 20171031 10:59:57  |k Rodrigo Vera 
999 |c 231900  |d 231898 
952 |0 0  |1 0  |4 0  |6 551_480000000000000_HUT_1957  |7 0  |8 CCM  |9 235703  |a BIBCUR  |b BIBCUR  |d 2019-11-15  |h v.1  |i 3056872  |o 551.48 HUT 1957  |p 3056872  |r 2025-04-22  |w 2019-11-15  |y BK  |k CIM 
952 |0 0  |1 0  |4 0  |6 551_480000000000000_HUT_1957  |7 0  |8 CCM  |9 235704  |a BIBCUR  |b BIBCUR  |d 2019-11-15  |h v.2  |i 3056864  |o 551.48 HUT 1957  |p 3056864  |r 2025-04-22  |w 2019-11-15  |y BK  |k CIM